00324 a2200097 4500001001000000005001700010008004100027245005800068100002200126773007800148ART_1154820260410161858.0260409a 10aTransport pricing policies and efficient urban growth1 aGlaister, Stephen0 tJournal of public economicsg- Vol. 5, NÂș 1/2 (ene./feb. 1976)wREV11485